[Event "21st European Teams Women"]
[Site "Hersonissos GRE"]
[Date "2017.11.06"]
[Round "9.10"]
[Board "4"]
[White "Guichard, Pauline"]
[Black "Michna, Marta"]
[Result "0-1"]
[WhiteTitle "WGM"]
[BlackTitle "WGM"]
[WhiteElo "2285"]
[BlackElo "2376"]
[WhiteTeam "France"]
[BlackTeam "Germany"]
[WhiteFideId "639370"]
[BlackFideId "1106686"]
[EventDate "2017.10.28"]

1. d4 d6 2. Nf3 g6 3. c4 Bg7 4. Nc3 Nd7 5. e4 e5 6. Be2 Ngf6 7. O-O O-O 8. Be3
Qe7 9. Qc2 c6 10. Rad1 b6 11. b4 Bb7 12. Rfe1 Rfc8 13. Bf1 a6 14. a3 h6 15. h3
exd4 16. Bxd4 c5 17. Nd5 Bxd5 18. exd5 Qf8 19. bxc5 Nxc5 20. Rb1 b5 21. Qb2 Na4
22. Qb4 Nc5 23. cxb5 axb5 24. Bxb5 Nxd5 25. Qd2 Nf6 26. Qa2 Nfe4 27. Re3 Rab8
28. a4 d5 29. Qxd5 Rd8 30. Bxc5 Nxc5 31. Qa2 Qd6 32. Rbe1 Rb7 33. Bc4 Bf6 34.
Ne5 Bxe5 35. Rxe5 Nd3 36. Rd5 Nxe1 37. Rxd6 Rxd6 38. a5 Rdd7 39. a6 Rbc7 40. Kh2
Kh7 41. Qb3 h5 42. Qa2 Ra7 43. Qb1 Re7 44. Qb3 Rac7 45. Bd5 Red7 46. Be4 f5 47.
Bb7 Nd3 48. Qa3 Nxf2 49. a7 Rxb7 50. a8=Q Rb1 51. Qa2 Rh1+ 52. Kg3 Ne4+ 53. Kh4
Rg7 54. Qd8 g5+ 55. Qxg5 Nxg5 56. Qf2 Kg6 57. Qb6+ Kh7 58. Qb5 Rd1 59. Kxh5 Nf7
60. Qxf5+ Kg8 61. Qf3 Rh7+ 62. Kg6 Ne5+ 0-1

[Event "21st European Teams Women"]
[Site "Hersonissos GRE"]
[Date "2017.11.06"]
[Round "9.11"]
[Board "1"]
[White "Houska, Jovanka"]
[Black "Cornette, Deimante"]
[Result "0-1"]
[WhiteTitle "IM"]
[BlackTitle "IM"]
[WhiteElo "2393"]
[BlackElo "2404"]
[WhiteTeam "England"]
[BlackTeam "Lithuania"]
[WhiteFideId "405094"]
[BlackFideId "12802859"]
[EventDate "2017.10.28"]

1. d4 Nf6 2. Nf3 e6 3. c4 b6 4. g3 Bb4+ 5. Bd2 Bxd2+ 6. Qxd2 Ba6 7. b3 O-O 8.
Bg2 d5 9. cxd5 exd5 10. Nc3 c5 11. Ne5 Bb7 12. O-O Qe7 13. Rad1 Na6 14. e3 Nc7
15. Qb2 Rfd8 16. Rfe1 Ne6 17. Ne2 Rac8 18. dxc5 bxc5 19. Nd3 d4 20. exd4 Bxg2
21. Kxg2 Qb7+ 22. f3 Ng4 23. Nef4 Nxd4 24. Re4 Nf5 25. Rde1 Nf6 26. Re5 Nd4 27.
R5e3 c4 28. Nf2 cxb3 29. Rd3 Nc2 30. Rxd8+ Rxd8 31. Re2 Nd4 32. Re3 a5 33. axb3
a4 34. Rd3 Qb6 35. b4 Nb5 36. Rxd8+ Qxd8 37. Qe2 Qe8 38. Qa2 a3 39. Ne2 Qe6 40.
Nc1 Nd5 41. Ne4 h6 42. Qd2 Qe5 43. Na2 Qb2 44. Kf1 Nd4 45. g4 Nc2 46. Nec3 Nxc3
47. Qd8+ Kh7 48. Qd3+ g6 49. Nxc3 a2 50. Nxa2 Qxa2 51. b5 Qa1+ 52. Kf2 Qe1+ 53.
Kg2 Ne3+ 0-1

[Event "21st European Teams Women"]
[Site "Hersonissos GRE"]
[Date "2017.11.06"]
[Round "9.11"]
[Board "2"]
[White "Zaksaite, Salomeja"]
[Black "Ciuksyte, Dagne"]
[Result "1-0"]
[WhiteTitle "WIM"]
[BlackTitle "IM"]
[WhiteElo "2272"]
[BlackElo "2318"]
[WhiteTeam "Lithuania"]
[BlackTeam "England"]
[WhiteFideId "12801496"]
[BlackFideId "12800619"]
[EventDate "2017.10.28"]

1. e4 e6 2. d4 d5 3. Nc3 Nf6 4. Bg5 Be7 5. e5 Nfd7 6. h4 Nc6 7. Nf3 Nb6 8. Qd2
Bd7 9. O-O-O h6 10. Bf4 Na5 11. g4 Nac4 12. Qd3 Bb4 13. Nb1 a5 14. Nfd2 Bb5 15.
Qg3 Qd7 16. c3 Be7 17. g5 hxg5 18. Bxg5 g6 19. Bd3 O-O-O 20. Bc2 a4 21. Qf4 a3
22. Nxc4 dxc4 23. Nxa3 Nd5 24. Qf3 Bxa3 25. Bxd8 Rxd8 26. bxa3 Qe7 27. Kb2 Kd7
28. Kc1 Qxa3+ 29. Kd2 Qe7 30. a4 Bc6 31. Qe2 Nf4 32. Qxc4 Bxh1 33. Rxh1 Nd5 34.
a5 Ra8 35. Qa4+ c6 36. Be4 Qd8 37. Bxd5 exd5 38. Qb4 Qxa5 39. Qxb7+ Kd8 40. Rb1
Qa6 41. Qxa6 Rxa6 42. Rb7 Ra2+ 43. Ke3 Rc2 44. Rxf7 Rxc3+ 45. Kf4 Rc2 46. Kg5
Re2 47. Kxg6 c5 48. dxc5 Rxe5 49. Rf5 Re6+ 50. Kf7 Re7+ 51. Kf6 d4 52. c6 Re4
53. h5 Kc7 54. h6 Rh4 55. Kg5 Rh2 56. Rd5 Rg2+ 57. Kh5 Rh2+ 58. Kg6 Rg2+ 59. Kh7
Rg4 60. f3 Rf4 61. Kg7 Kxc6 62. h7 Kxd5 63. h8=Q Kc4 64. Qg8+ Kd3 65. Qd5 Ke3
66. Kg6 Rxf3 67. Qe5+ Kd3 68. Kg5 Re3 69. Qb5+ Kd2 70. Kf4 Kc3 71. Qc5+ Kd3 72.
Qb4 Re4+ 73. Kf3 Re3+ 74. Kf2 Re2+ 75. Kf1 Re3 76. Qb5+ Kc3 77. Kf2 Kd2 78. Qc4
Rd3 79. Qc6 Re3 80. Qc4 Rd3 81. Kf1 Ke3 82. Qc1+ Kf3 83. Ke1 Rc3 84. Qg5 Ke4 85.
Qe7+ Kd5 86. Kd2 Re3 87. Qd7+ Kc5 88. Qf5+ Kc4 89. Qa5 Rd3+ 90. Kc2 Rc3+ 91. Kd2
Rd3+ 92. Ke2 Re3+ 93. Kf2 Rc3 94. Qa2+ Kc5 95. Ke2 Re3+ 96. Kd2 Rc3 97. Qa8 Re3
98. Qa5+ Kc4 99. Qb6 Rd3+ 100. Kc2 Rc3+ 101. Kb2 Kd5 102. Qb7+ Ke5 103. Qb5+ Ke6
104. Qg5 Kd6 105. Qf5 Kc6 106. Qe5 Rc5 107. Qxd4 Rd5 108. Qe4 Kd6 109. Kc3 Re5
110. Qf4 Kd5 111. Kd3 Ke6 112. Kd4 Rd5+ 113. Ke4 Rd6 114. Qf5+ Ke7 115. Ke5 Rd7
116. Qf6+ Ke8 117. Qg6+ Ke7 118. Qg8 Rc7 119. Qg7+ Kd8 120. Qf8+ Kd7 121. Kd5
Rc1 122. Qg7+ Ke8 123. Qg6+ Kd7 124. Qg4+ Ke8 125. Kd6 1-0

[Event "21st European Teams Women"]
[Site "Hersonissos GRE"]
[Date "2017.11.06"]
[Round "9.11"]
[Board "3"]
[White "Kalaiyalahan, Akshaya"]
[Black "Kiseleva, Simona"]
[Result "0-1"]
[WhiteTitle "FM"]
[BlackTitle "WIM"]
[WhiteElo "2026"]
[BlackElo "2241"]
[WhiteTeam "England"]
[BlackTeam "Lithuania"]
[WhiteFideId "422894"]
[BlackFideId "12802506"]
[EventDate "2017.10.28"]

1. d4 d6 2. Nf3 Bg4 3. c4 Bxf3 4. exf3 g6 5. Nc3 Bg7 6. f4 c6 7. Be3 Nd7 8. Qd2
e6 9. Ne4 Ndf6 10. Nxf6+ Nxf6 11. Be2 O-O 12. O-O Qc7 13. Rac1 Rac8 14. Bf3 Qd7
15. b4 d5 16. c5 Ne8 17. h4 h5 18. g3 Bf6 19. Be2 Ng7 20. f3 Rfe8 21. Bf2 Nf5
22. Kg2 Qd8 23. Rh1 b6 24. g4 Ng7 25. Bg3 Qd7 26. a4 Rf8 27. Rb1 Ne8 28. Qd3 Bg7
29. f5 exf5 30. gxh5 gxh5 31. Kf2 Bf6 32. Bf4 Ng7 33. Rbg1 Qe6 34. Bg5 Rfe8 35.
Bxf6 Qxf6 36. Rg5 Kf8 37. Bd1 bxc5 38. bxc5 Rb8 39. Qd2 Ne6 40. Rxh5 f4 41. Re5
Nxd4 42. Rxe8+ Rxe8 43. h5 Qg5 44. Rh3 Nf5 45. Qb2 Ne3 46. Be2 Qg2+ 47. Ke1 Qxh3 0-1

[Event "21st European Teams Women"]
[Site "Hersonissos GRE"]
[Date "2017.11.06"]
[Round "9.11"]
[Board "4"]
[White "Gailiunaite, Saule"]
[Black "Bhatia, Kanwal K"]
[Result "1-0"]
[BlackTitle "WFM"]
[WhiteElo "1838"]
[BlackElo "2080"]
[WhiteTeam "Lithuania"]
[BlackTeam "England"]
[WhiteFideId "12807737"]
[BlackFideId "407496"]
[EventDate "2017.10.28"]

1. d4 Nf6 2. Nf3 c5 3. e3 g6 4. Be2 Bg7 5. O-O O-O 6. c4 cxd4 7. Nxd4 Nc6 8. Nc3
Nxd4 9. exd4 d5 10. c5 Bf5 11. b4 Qc7 12. Bb2 Rfd8 13. a4 a5 14. Nb5 Qb8 15.
bxa5 Rxa5 16. Bc3 Ra8 17. Qe1 Ne4 18. Ba5 Rc8 19. f3 Nxc5 20. Bb4 Nd3 21. Qd2
Nxb4 22. Qxb4 Bf6 23. Rfd1 Qf4 24. Kh1 Rc2 25. Bd3 Bxd3 26. Rxd3 e5 27. Nc3 Qg5
28. Rg1 exd4 29. Qxb7 Rd8 30. Nb5 Qh4 31. f4 Qxf4 32. Rf3 Qh4 33. Rgf1 d3 34.
Rxd3 Qe4 35. Rdf3 Qe2 36. Rg1 Qe7 37. Qb6 Be5 38. Qe3 d4 39. Qe4 Ra2 40. Rgf1
Qg5 41. Rxf7 Qh5 42. h3 Rxa4 43. Re7 Bf6 44. Qe6+ 1-0

[Event "21st European Teams Women"]
[Site "Hersonissos GRE"]
[Date "2017.11.06"]
[Round "9.12"]
[Board "1"]
[White "Goossens, Hanne"]
[Black "Georgescu, Lena"]
[Result "1/2-1/2"]
[WhiteTitle "WFM"]
[BlackTitle "WFM"]
[WhiteElo "2188"]
[BlackElo "2130"]
[WhiteTeam "Belgium"]
[BlackTeam "Switzerland"]
[WhiteFideId "200468"]
[BlackFideId "1331973"]
[EventDate "2017.10.28"]

1. e4 c5 2. Nf3 Nc6 3. d4 cxd4 4. Nxd4 Nf6 5. Nc3 e5 6. Ndb5 d6 7. Bg5 a6 8. Na3
b5 9. Bxf6 gxf6 10. Nd5 Bg7 11. c3 f5 12. exf5 Bxf5 13. Nc2 O-O 14. Nce3 Be6 15.
Bd3 f5 16. Bc2 f4 17. Qh5 Rf7 18. Bxh7+ Kf8 19. Bf5 Qe8 20. Bxe6 Qxe6 21. Qg4
Qh6 22. Nf5 Qe6 23. Nfe3 Qh6 24. O-O e4 25. Nf5 Qe6 26. Nfe3 Qh6 27. Nf5 Qe6 28.
Nfe3 1/2-1/2

[Event "21st European Teams Women"]
[Site "Hersonissos GRE"]
[Date "2017.11.06"]
[Round "9.12"]
[Board "2"]
[White "De Seroux, Camille"]
[Black "Vanhuyse, Nele"]
[Result "1-0"]
[WhiteTitle "WFM"]
[BlackTitle "WFM"]
[WhiteElo "2163"]
[BlackElo "2061"]
[WhiteTeam "Switzerland"]
[BlackTeam "Belgium"]
[WhiteFideId "1305620"]
[BlackFideId "228818"]
[EventDate "2017.10.28"]

1. e4 c5 2. Nf3 e6 3. Nc3 a6 4. d4 cxd4 5. Nxd4 Qc7 6. Bd3 Nc6 7. Nxc6 bxc6 8.
O-O d5 9. Qe2 d4 10. Nb1 Nf6 11. Nd2 Bc5 12. Nc4 O-O 13. f4 a5 14. a4 Ba6 15.
Kh1 Nd7 16. b3 Rad8 17. Qh5 Bb4 18. Bb2 Nc5 19. Rad1 Nxd3 20. Rxd3 g6 21. Qh6 c5
22. f5 exf5 23. exf5 f6 24. fxg6 Qg7 25. gxh7+ Kh8 26. Qh4 Bb7 27. Rg3 Qxh7 28.
Rf4 Rf7 29. Ne5 Rg7 30. Qxf6 Re8 31. Rh4 1-0

[Event "21st European Teams Women"]
[Site "Hersonissos GRE"]
[Date "2017.11.06"]
[Round "9.12"]
[Board "3"]
[White "Barbier, Astrid"]
[Black "Stoeri, Laura"]
[Result "0-1"]
[BlackTitle "WFM"]
[WhiteElo "1815"]
[BlackElo "2150"]
[WhiteTeam "Belgium"]
[BlackTeam "Switzerland"]
[WhiteFideId "200395"]
[BlackFideId "1304313"]
[EventDate "2017.10.28"]

1. e4 e5 2. Nf3 Nc6 3. Bb5 a6 4. Ba4 Nf6 5. O-O Be7 6. Re1 b5 7. Bb3 d6 8. c3
O-O 9. d3 a5 10. a4 b4 11. h3 Rb8 12. d4 bxc3 13. bxc3 exd4 14. cxd4 d5 15. exd5
Nxd5 16. Bxd5 Qxd5 17. Nc3 Qd8 18. Nb5 Nb4 19. Bf4 Nd5 20. Bd2 c6 21. Na3 Be6
22. Ne5 Rc8 23. Qf3 Nb4 24. Bxb4 axb4 25. Nc2 Bd5 26. Qd3 Bd6 27. Nc4 Bxc4 28.
Qxc4 c5 29. dxc5 Bxc5 30. Qe2 Qf6 31. Ne3 Rfe8 32. Rab1 Qf4 33. Qd3 Rcd8 34. Qb3
Rd2 35. Rf1 Rxf2 36. Rxf2 Bxe3 37. Rf1 Bxf2+ 38. Kh1 Bg3 39. Qd3 Qxf1+ 40. Qxf1
Re1 0-1

[Event "21st European Teams Women"]
[Site "Hersonissos GRE"]
[Date "2017.11.06"]
[Round "9.12"]
[Board "4"]
[White "Heinatz, Maria"]
[Black "Vanduyfhuys, Daria"]
[Result "0-1"]
[BlackTitle "WCM"]
[WhiteElo "1955"]
[BlackElo "1737"]
[WhiteTeam "Switzerland"]
[BlackTeam "Belgium"]
[WhiteFideId "1312073"]
[BlackFideId "246336"]
[EventDate "2017.10.28"]

1. e4 c5 2. Nf3 Nc6 3. Bb5 g6 4. Bxc6 dxc6 5. d3 Bg7 6. h3 e5 7. Be3 Qe7 8. Qd2
h6 9. Qc3 b6 10. b4 a5 11. bxc5 b5 12. O-O Nf6 13. Nbd2 Nd7 14. d4 O-O 15. dxe5
b4 16. Qb2 Nxc5 17. a3 Ba6 18. axb4 Rfb8 19. Rfe1 axb4 20. Ra5 Nd7 21. Rea1 Bb7
22. Nc4 c5 23. Bxc5 Nxc5 24. Qxb4 Bf8 25. Nd6 Nxe4 26. Rxa8 Rxa8 27. Rxa8 Bxa8
28. Qa4 Nxd6 29. Qxa8 Nc4 30. Qe4 Qe6 31. g4 Bg7 32. Kg2 Nxe5 33. Nd4 Qc4 34. f4
Nxg4 35. hxg4 Qxd4 36. Qe8+ Bf8 37. Kf3 Qc3+ 38. Kf2 Qxc2+ 39. Kf3 Qc3+ 40. Kg2
Kg7 41. Qe4 Bd6 42. f5 Qd2+ 43. Kf3 Qc3+ 44. Kf2 Qg3+ 45. Kf1 Qf4+ 0-1

[Event "21st European Teams Women"]
[Site "Hersonissos GRE"]
[Date "2017.11.06"]
[Round "9.13"]
[Board "1"]
[White "Repkova, Eva"]
[Black "Unuk, Laura"]
[Result "0-1"]
[WhiteTitle "IM"]
[BlackTitle "WIM"]
[WhiteElo "2323"]
[BlackElo "2363"]
[WhiteTeam "Slovakia"]
[BlackTeam "Slovenia"]
[WhiteFideId "14900440"]
[BlackFideId "14609215"]
[EventDate "2017.10.28"]

1. e4 e6 2. d3 d5 3. Nd2 c5 4. Ngf3 Nc6 5. g3 Nf6 6. Bg2 Be7 7. O-O O-O 8. Re1
b5 9. e5 Nd7 10. Nf1 a5 11. h4 b4 12. h5 h6 13. N1h2 Re8 14. Ng4 Ba6 15. Nfh2
Nd4 16. Be3 Nf5 17. Bf4 a4 18. Qd2 a3 19. b3 Rc8 20. Nf3 Nb8 21. Ne3 Nd4 22.
Nxd4 cxd4 23. Ng4 Rc3 24. Bh3 Bg5 25. Re2 Qe7 26. Bxg5 Qxg5 27. Qxg5 hxg5 28.
Rd1 Rec8 29. Rdd2 Nd7 30. Nh2 Nc5 31. f3 Kf8 32. Rf2 Bxd3 33. cxd3 Nxd3 34. Rf1
Nxe5 35. f4 Rxg3+ 36. Bg2 gxf4 37. Rxf4 d3 38. Kf2 Rc2 39. Kxg3 Rxd2 40. Rf2 Rc2
41. Nf1 Nd7 42. Ne3 Rxf2 43. Kxf2 d4 44. Nc4 Nc5 45. Na5 Ke8 46. Ke1 e5 47. Bd5
Ke7 48. Nc6+ Kd6 49. Nxb4 f5 50. Bc4 e4 51. Nd5 e3 52. Nf4 d2+ 53. Kd1 Ne4 54.
Kc2 Nc3 55. Be2 Nxe2 56. Nxe2 d3+ 0-1

[Event "21st European Teams Women"]
[Site "Hersonissos GRE"]
[Date "2017.11.06"]
[Round "9.13"]
[Board "2"]
[White "Krivec, Jana"]
[Black "Cibickova, Zuzana"]
[Result "0-1"]
[WhiteTitle "WGM"]
[BlackTitle "WGM"]
[WhiteElo "2270"]
[BlackElo "2290"]
[WhiteTeam "Slovenia"]
[BlackTeam "Slovakia"]
[WhiteFideId "14601982"]
[BlackFideId "14905779"]
[EventDate "2017.10.28"]

1. e4 e5 2. Nc3 Nf6 3. Bc4 Nxe4 4. Qh5 Nd6 5. Bb3 Be7 6. Nf3 Nc6 7. Nxe5 g6 8.
Nxc6 dxc6 9. Qf3 O-O 10. Ne4 Nxe4 11. Qxe4 Bf5 12. Qf3 Bd6 13. d3 a5 14. a4 Bb4+
15. c3 Re8+ 16. Kd2 Bc5 17. Kc2 Bxf2 18. Rd1 Bc5 19. Bxf7+ Kxf7 20. g4 Qd5 21.
Rf1 Qxf3 22. Rxf3 Kf6 23. Bd2 Re2 24. gxf5 g5 25. Rh3 Kxf5 26. Rxh7 Bd6 27. Rf1+
Bf4 28. Kc1 Kg6 29. Bxf4 Kxh7 30. Bxc7 Kg6 31. d4 Rae8 32. Be5 c5 33. Rf6+ Kh5
34. Rf7 cxd4 35. cxd4 Rc8+ 36. Kb1 b6 37. Rf6 Rc4 38. Rxb6 Rxa4 39. Rb5 Kg6 40.
Rc5 Rb4 41. Rc2 Re1+ 42. Rc1 Rxc1+ 43. Kxc1 Kf5 44. Kc2 a4 45. Kc3 Rb3+ 46. Kc2
Ke4 47. Bg7 Kd5 48. Kb1 a3 49. Ka2 Rxb2+ 50. Kxa3 Rxh2 51. Be5 Re2 0-1

[Event "21st European Teams Women"]
[Site "Hersonissos GRE"]
[Date "2017.11.06"]
[Round "9.13"]
[Board "3"]
[White "Vrbova, Niki"]
[Black "Janzelj, Lara"]
[Result "1-0"]
[WhiteTitle "WFM"]
[BlackTitle "WFM"]
[WhiteElo "2188"]
[BlackElo "2192"]
[WhiteTeam "Slovakia"]
[BlackTeam "Slovenia"]
[WhiteFideId "14906341"]
[BlackFideId "14608391"]
[EventDate "2017.10.28"]

1. e4 e5 2. Nf3 Nc6 3. Bc4 Bc5 4. c3 Nf6 5. d3 O-O 6. Bb3 d5 7. Nbd2 a5 8. a4 b6
9. exd5 Nxd5 10. Ne4 Be7 11. O-O Bg4 12. h3 Bh5 13. Ng3 Bg6 14. Re1 Nf4 15. Nxe5
Nxe5 16. Rxe5 Bd6 17. Bxf4 Qf6 18. Qe2 Qxf4 19. Re3 Rad8 20. Re1 c5 21. Bc4 Bb8
22. Bb5 h5 23. Rf3 Qg5 24. Qe3 Qd5 25. Qe7 Bd6 26. Qh4 Be5 27. Bc4 Qd6 28. Qg5
Rde8 29. Ree3 Bxg3 30. Qxg3 Rd8 31. Qxd6 Rxd6 32. Re7 h4 33. Kf1 Kh7 34. Rfe3
Rfd8 35. Rb7 f5 36. Ree7 f4 37. Rxg7+ Kh6 38. Rge7 f3 39. gxf3 Rf8 40. Re3 Rf5
41. Rbe7 Rdf6 42. R7e6 Rxf3 43. Rxf3 Rxf3 44. Kg2 Rf5 45. Rxb6 Rg5+ 46. Kf1 Kg7
47. Re6 Bf5 48. Re3 Kf6 49. d4 cxd4 50. cxd4 Rg7 51. b3 Rd7 52. d5 Rd6 53. Ke2
Kg5 54. Kd2 Kf4 55. Kc3 Bd7 56. Kd4 Rf6 57. Bb5 Bc8 58. Kc5 Kg5 59. d6 Rxf2 60.
d7 1-0

[Event "21st European Teams Women"]
[Site "Hersonissos GRE"]
[Date "2017.11.06"]
[Round "9.13"]
[Board "4"]
[White "Vidic, Teja"]
[Black "Motycakova, Monika"]
[Result "1-0"]
[WhiteTitle "WFM"]
[BlackTitle "WFM"]
[WhiteElo "2159"]
[BlackElo "2143"]
[WhiteTeam "Slovenia"]
[BlackTeam "Slovakia"]
[WhiteFideId "14605511"]
[BlackFideId "14909626"]
[EventDate "2017.10.28"]

1. e4 e5 2. Nf3 Nc6 3. Nc3 Nf6 4. a3 d5 5. Bb5 Nxe4 6. Qe2 Nxc3 7. Qxe5+ Qe7 8.
Qxe7+ Bxe7 9. dxc3 Bd7 10. Bf4 O-O-O 11. O-O-O a6 12. Ba4 Bg4 13. Rd3 Bd6 14.
Bxd6 Rxd6 15. Bb3 Rhd8 16. Rhd1 Ne7 17. h3 Bf5 18. Re3 Re6 19. Rxe6 Bxe6 20. Ng5
b5 21. Re1 Kd7 22. Ba2 c5 23. c4 bxc4 24. c3 h6 25. Nf3 Ng6 26. Ne5+ Nxe5 27.
Rxe5 Kd6 28. f4 g5 29. g3 Rg8 30. b3 gxf4 31. gxf4 Rg1+ 32. Kb2 Rg2+ 33. Kb1
cxb3 34. Bxb3 Rg3 35. Kb2 Rxh3 36. Re2 h5 37. Rd2 Rf3 38. Bxd5 Bxd5 39. c4 1-0

[Event "21st European Teams Women"]
[Site "Hersonissos GRE"]
[Date "2017.11.06"]
[Round "9.14"]
[Board "1"]
[White "Stojkovska, Monika"]
[Black "Makka, Evanthia"]
[Result "1-0"]
[WhiteTitle "WFM"]
[WhiteElo "2088"]
[BlackElo "2095"]
[WhiteTeam "FYROM"]
[BlackTeam "Greece 2"]
[WhiteFideId "15002594"]
[BlackFideId "4207513"]
[EventDate "2017.10.28"]

1. e4 d5 2. exd5 Qxd5 3. Nf3 Bg4 4. Be2 Nc6 5. d4 O-O-O 6. Be3 e5 7. c4 Bb4+ 8.
Bd2 Qa5 9. d5 Bxf3 10. Bxf3 Nd4 11. a3 Bxd2+ 12. Nxd2 Nxf3+ 13. Qxf3 Nh6 14. b4
Qa4 15. O-O f5 16. Nb3 e4 17. Qc3 Qd7 18. Nc5 Qd6 19. h3 Rhg8 20. Ne6 Rd7 21.
Rfd1 c6 22. Nc5 Re7 23. dxc6 Qxc6 24. Qd4 g5 25. b5 Qb6 26. a4 Rc7 27. Nb3 Qxd4
28. Rxd4 Rd8 29. Rad1 Rxd4 30. Rxd4 b6 31. a5 Nf7 32. a6 h6 33. g4 Ne5 34. Nd2
fxg4 35. Rxe4 Nf3+ 36. Nxf3 gxf3 37. Kh2 Rd7 38. Kg3 Kc7 39. Kxf3 Rf7+ 40. Ke3
Kd6 41. h4 Rf5 42. hxg5 hxg5 43. Re8 Kc5 44. Rc8+ Kb4 45. Rc7 g4 46. Rxa7 Kxc4
47. Rb7 Kxb5 48. a7 Rf3+ 49. Ke4 Ra3 50. Kd5 Ra6 51. Kd6 Kc4 52. Kc7 b5 53. Kb8
b4 54. a8=Q Rxa8+ 55. Kxa8 b3 56. Rg7 b2 57. Rxg4+ Kc3 58. Rg1 1-0

[Event "21st European Teams Women"]
[Site "Hersonissos GRE"]
[Date "2017.11.06"]
[Round "9.14"]
[Board "2"]
[White "Serefidou, Despina"]
[Black "Nikolovska, Dragana"]
[Result "1/2-1/2"]
[WhiteElo "1965"]
[BlackElo "1854"]
[WhiteTeam "Greece 2"]
[BlackTeam "FYROM"]
[WhiteFideId "4218787"]
[BlackFideId "15000133"]
[EventDate "2017.10.28"]

1. e4 c5 2. Nf3 d6 3. Bb5+ Bd7 4. Bxd7+ Nxd7 5. d4 cxd4 6. Qxd4 Ngf6 7. O-O g6
8. Nc3 Bg7 9. Qd1 O-O 10. Re1 Ng4 11. Nd5 h6 12. h3 Nge5 13. Nxe5 Nxe5 14. Be3
e6 15. Nc3 Nc4 16. Bd4 Nxb2 17. Qd2 Nc4 18. Qd1 Ne5 19. Rb1 Qe7 20. f4 Nc6 21.
Bxg7 Kxg7 22. f5 Rfd8 23. Rf1 exf5 24. Qf3 fxe4 25. Nxe4 Ne5 26. Qg3 f5 27. Rxf5
Kh8 28. Rf4 Rf8 29. Rbf1 Rxf4 30. Qxf4 Kg7 31. Qd2 Rd8 32. Qd5 b6 33. Rf6 1/2-1/2

[Event "21st European Teams Women"]
[Site "Hersonissos GRE"]
[Date "2017.11.06"]
[Round "9.14"]
[Board "3"]
[White "Bejatovic, Bojana"]
[Black "Skaraki, Antigoni"]
[Result "1/2-1/2"]
[WhiteElo "2035"]
[BlackElo "1992"]
[WhiteTeam "FYROM"]
[BlackTeam "Greece 2"]
[WhiteFideId "15000141"]
[BlackFideId "4222970"]
[EventDate "2017.10.28"]

1. d4 Nf6 2. Nf3 g6 3. Bg5 Bg7 4. Nbd2 O-O 5. c3 d6 6. e4 c5 7. dxc5 dxc5 8. Bc4
Nc6 9. O-O Na5 10. Qe2 Nxc4 11. Nxc4 Be6 12. Bxf6 Bxf6 13. Ne3 Qc7 14. Rfd1 Rfd8
15. c4 Rxd1+ 16. Rxd1 Qa5 17. e5 Bg7 18. b3 Re8 19. Ng5 Qa6 20. Nd5 Bxd5 21.
Rxd5 h6 22. Ne4 b6 23. Nc3 Qc8 24. f4 e6 25. Rd3 Rd8 26. Ne4 Rxd3 27. Qxd3 g5
28. fxg5 Bxe5 29. gxh6 Qc7 30. h7+ Kh8 31. g3 Bd4+ 32. Kf1 Qe5 33. Qf3 f6 34. h4
Kxh7 35. Nf2 Bxf2 1/2-1/2

[Event "21st European Teams Women"]
[Site "Hersonissos GRE"]
[Date "2017.11.06"]
[Round "9.14"]
[Board "4"]
[White "Vozinaki, Anthi - Maria"]
[Black "Koskoska, Gabriela"]
[Result "0-1"]
[BlackTitle "WIM"]
[WhiteElo "1989"]
[BlackElo "2018"]
[WhiteTeam "Greece 2"]
[BlackTeam "FYROM"]
[WhiteFideId "4263898"]
[BlackFideId "15000630"]
[EventDate "2017.10.28"]

1. e4 d5 2. exd5 Qxd5 3. Nc3 Qd8 4. d4 c6 5. Bc4 Bf5 6. g4 Bg6 7. f4 e6 8. Nf3
Bb4 9. O-O Nd7 10. f5 exf5 11. gxf5 Bh5 12. Qe1+ Ne7 13. a3 Bxc3 14. bxc3 Nb6
15. Bb3 f6 16. Bf4 Nd5 17. Bg3 Bf7 18. Rb1 O-O 19. c4 Nb6 20. c5 Nbd5 21. c4 Nc7
22. Qe4 Na6 23. Kh1 Re8 24. Qg4 Qd7 25. Nh4 g5 26. Bd6 h5 27. Qg2 Kh7 28. Bxe7
Qxe7 29. Nf3 Qe4 30. Bc2 Qe2 31. Rxb7 Kg8 32. Qxe2 Rxe2 33. Ba4 Bxc4 34. Bxc6
Rd8 35. Rd1 Nxc5 36. Rxa7 Nd3 37. Kg1 Nf2 38. Rd2 Nh3+ 39. Kh1 g4 40. Rxe2 Bxe2
41. Nh4 Rxd4 42. Rd7 Rxd7 43. Bxd7 Kg7 44. Kg2 Kh6 45. Kg3 Kg5 46. a4 Nf4 47.
Ng2 Nd5 48. Bc6 Ne7 49. Be4 Nxf5+ 50. Bxf5 Kxf5 51. Kf2 Ba6 52. a5 Ke4 53. Nh4
f5 54. Ng6 f4 55. Nh4 Bb5 56. Ng6 Kf5 57. Ne7+ Kg5 58. Nd5 h4 59. Nc7 g3+ 60.
hxg3 hxg3+ 61. Kg1 Bc6 62. Ne6+ Kg4 63. a6 f3 64. Nd4 Bd5 65. a7 Kh3 66. a8=Q
Bxa8 67. Kf1 f2 68. Ke2 Bg2 0-1

[Event "21st European Teams Women"]
[Site "Hersonissos GRE"]
[Date "2017.11.06"]
[Round "9.15"]
[Board "1"]
[White "Golubenko, Valentina"]
[Black "Nazarova, Anastasia"]
[Result "1-0"]
[WhiteTitle "WGM"]
[BlackTitle "WCM"]
[WhiteElo "2291"]
[BlackElo "1997"]
[WhiteTeam "Croatia"]
[BlackTeam "Finland"]
[WhiteFideId "4501993"]
[BlackFideId "34101737"]
[EventDate "2017.10.28"]

1. d4 d5 2. Nf3 Nf6 3. g3 e6 4. Bg2 Be7 5. O-O O-O 6. Nbd2 c5 7. c4 Nc6 8. cxd5
Nxd5 9. dxc5 Bxc5 10. a3 h6 11. Qc2 Qe7 12. b4 Bb6 13. Bb2 Bd7 14. Nc4 Bc7 15.
Rfd1 Rac8 16. e4 Nb6 17. Qc3 f6 18. a4 Nxc4 19. Qxc4 Rfd8 20. b5 Na5 21. Qa2 Bb6
22. Bd4 Bxd4 23. Nxd4 Kh8 24. Nf3 e5 25. Nh4 Kh7 26. Nf5 Bxf5 27. exf5 b6 28.
Qe6 Qxe6 29. fxe6 Nb3 30. Be4+ Kh8 31. e7 Re8 32. Bf5 Rc7 33. Bg6 Nxa1 34. Bxe8
Rxe7 35. Bg6 1-0